Top 20 Paper and Cardboard Consuming Countries per Capita - Statistics

General Stats
  • This quiz has been taken 44 times
  • The average score is 15 of 20
Answer Stats
# Kg Country % Correct
4 227 United States
100%
18 154 United Kingdom
98%
3 241 Germany
93%
15 169 Canada
90%
5 215 Japan
90%
19 151 Australia
86%
17 157 Italy
81%
12 183 New Zealand
81%
2 259 Austria
76%
11 185 Netherlands
76%
9 195 South Korea
76%
8 198 Sweden
76%
10 192 Denmark
74%
1 313 Belgium
71%
6 213 Finland
71%
16 163 Switzerland
62%
14 172 Taiwan
55%
20 151 Czech Republic
40%
13 176 Slovenia
40%
7 212 United Arab Emirates
36%
No matching quizzes found
Score Distribution
Percent of People with Each Score
Percentile by Number Answered
Your Score History
You have not taken this quiz